Представление документа в формате MARC21

Поле Инд. ПП Название Значение
Тип записи a
Библиографический уровень b
001 Контрольный номер b26554475d6f4f80b98990cfbc059d48
005 Дата корректировки 20220405162148.3
024 80 a Стандартный номер DOI: 10.1088/0954-3899/40/3/035110
040 a Служба первич. каталог. РИНЦ
041 0_ a Код языка текста eng
084 a Индекс другой классификации/Индекс ББК 22.381
097 a Ануфриева Г.Ю.
097 a Спаскова Н.О.
100 1_ a Автор Agostini M.
100 1_ a Автор Heider M. B.
100 1_ a Автор Bode T.
100 1_ a Автор Budjas D.
100 1_ a Автор Nemchenok I. B.
g Прочие сведения РИНЦ AuthorID: 44551 (https://elibrary.ru/author_items.asp?authorid=44551); Scopus Author ID: 8401877000 (https://www.scopus.com/authid/detail.uri?authorId=8401877000); ResearcherID: F-9715-2014 (http://www.researcherid.com/rid/F-9715-2014)
q Полное имя Немченок Игорь Борисович
i 000090997
k Ректорат
c Титул (звания) доцент (ученое звание); кандидат химических наук; доцент (должность); ученый секретарь; заведующий кафедрой
245 10 a Заглавие Measurement of the half-life of the two-neutrino double beta decay of 76ge with the gerda experiment
650 04 a Основная рубрика физика; ядерная физика; экспериментальная физика
773 18 t Название источника Journal of Physics G: Nuclear and Particle Physics
b Сведения об издании Institute of Physics and IOP Publishing Ltd.
c Великобритания
d Место и дата издания 2013
m Специф. данные входит в Scopus
m Специф. данные входит в WoS
m Специф. данные входит в ядро РИНЦ
n Примечание http://elibrary.ru/title_about.asp?id=2416
g Прочая информация V. 40. - № 3. - P. 035110
w Контрольный № источника ef8e195b47054011a70e823af1bdce48
856 40 u URL http://elibrary.ru/item.asp?id=20434422
901 t Тип документа b
952 c Вид литературы статья в журнале